Szczegóły MARC21

Młodzież wobec alkoholu : na podstawie danych empirycznych /

003 -Nazwa inst., której nr kontr. jest w polu 001 [,]
    • @
    • Nazwa instytucji, której n kontrolny jest w polu 001
    • NUKAT
005 -DATA I CZAS OSTATNIEJ MODYFIKACJI [,]
    • @
    • pole kontrolne
    • 20241231092627.0
040 -Instytucja sporządzająca opis [ , ]
    • a
    • Instytucja, która sporządziła opis (NP)
    • KR U/ES
    • c
    • Instytucja, która sporządziła rekord (NP)
    • KR U/ES
    • d
    • Instytucja, która zmodyfikowała rekord (P)
    • KR U/ES
    • d
    • Instytucja, która zmodyfikowała rekord (P)
    • WA 191/MS
    • d
    • Instytucja, która zmodyfikowała rekord (P)
    • Ł U/MRs
942 -Rodzaj dokumentu [ , ]
    • c
    • Rodzaj dokumentu
    • Książka
100 -Hasło główne - nazwa osobowa [1, ]
    • a
    • Nazwa osobowa (NP)
    • Szymanowski, Teodor
    • d
    • Daty biograficzne (NP)
    • (1932-2021).
    • 9
    • KHW
    • 18205
245 -Strefa tytułu i oznaczenia odpowiedzialności [1,0]
    • a
    • Tytuł
    • Młodzież wobec alkoholu : Find
    • b
    • Ciąg dalszy tytułu (NP)
    • na podstawie danych empirycznych / Find
    • c
    • Pozostałe elementy strefy tytułu i oznaczenia odpowiedzialności (NP)
    • Teodor Szymanowski ; Zarząd Główny Społecznego Komitetu Przeciwalkoholowego.
260 -Strefa adresu wydawniczego [ , ]
    • a
    • Miejsce wydania (P)
    • Warszawa :
    • b
    • Nazwa wydawcy (P)
    • Instytut Wydawniczy Związków Zawodowych :
    • b
    • Nazwa wydawcy (P)
    • na zlec. Społecznego Komitetu Przeciwalkoholowego,
    • c
    • Data wydania (P)
    • 1990.
300 -Strefa opisu fizycznego [ , ]
    • a
    • Określenie formy książki i/lub objętość (NP)
    • 173, [3] s. ;
    • c
    • Format (NP)
    • 21 cm.
336 -Typ zawartości [ , ]
    • a
    • Termin opisujący typ zawartości
    • Tekst
    • b
    • Kod określający zawartość
    • txt
    • 2
    • Źródło (terminu i kodu)
    • rdacontent
337 -Typ mediów [ , ]
    • a
    • Tryb odtwarzania
    • Bez urządzenia pośredniczącego
    • b
    • Kod typu mediów
    • n
    • 2
    • Źródło (terminu i kodu)
    • rdamedia
338 -Typ/rodzaj nośnika [ , ]
    • a
    • Hasło opisujące typ nośnika
    • Wolumin
    • b
    • Kod typu nośnika
    • nc
    • 2
    • Źródło (terminu i kodu)
    • rdacarrier
650 -Hasło przedmiotowe [ ,7]
    • a
    • Hasło przedmiotowe
    • Alkoholizm
    • x
    • Określnik rzeczowy
    • zapobieganie
    • z
    • Określnik geograficzny
    • Polska
    • y
    • Określnik chronologiczny
    • 1970-2000.
    • 2
    • Źródło terminu
    • kaba
    • 9
    • KHW
    • 466946
650 -Hasło przedmiotowe [ ,7]
    • a
    • Hasło przedmiotowe
    • Młodzież
    • x
    • Określnik rzeczowy
    • konsumpcja alkoholu
    • z
    • Określnik geograficzny
    • Polska
    • y
    • Określnik chronologiczny
    • 1970-2000.
    • 2
    • Źródło terminu
    • kaba
    • 9
    • KHW
    • 466947
650 -Hasło przedmiotowe [ ,7]
    • a
    • Hasło przedmiotowe
    • Młodzież
    • z
    • Określnik geograficzny
    • Polska
    • x
    • Określnik rzeczowy
    • postawy
    • y
    • Określnik chronologiczny
    • 1970-2000.
    • 2
    • Źródło terminu
    • kaba
    • 9
    • KHW
    • 466945
710 -Hasło dodatkowe - nazwa ciała zbiorowego [2, ]
    • a
    • Nazwa ciała zbiorowego lub nazwa geograficzna jako pierwszy element (NP)
    • Instytut Wydawniczy Związków Zawodowych.
    • 4
    • Kod relacji
    • pbl
    • 9
    • KHW
    • 56851
Lokalizacja Status udost. Numer inwentarzowy
BG1Pd.5088